000 03946nam0a2200409 4500
001 RU\NLR\BIBL_A\012862712
005 20230719160304.0
010 _a978-5-00201-019-6
_9100
021 _aRU
_bКН-П-22-035342
_9КН-П-22-3030
035 _a(NLR Aleph) 012862712
035 _a(RuMoRGB)011093553
090 _a12464316
_c12464316
100 _a20220809d2022 u y0rusy50 ca
101 0 _arus
102 _aRU
105 _aa j 000zy
181 0 _ai3
_baxxe
182 0 _an
200 1 _aОпределение собственной частоты поперечных колебаний судового валопровода по методу Ю. А. Шиманского
_eграфический способ
_eучебное пособие
_eдля обучающихся по основным образовательным программа высшего образования - программам специалитета по специальности 26.05.06 Эксплуатация судовых энергетических установок
_fХалявкин А. А., Ивановская А. В., Шацков Д. О., Ауслендер А. Я.
203 _aТекст
_bвизуальный
_cнепосредственный
210 _aАстрахань
_cСорокин Роман Васильевич
_d2022
215 _a48 с.
_cил., табл.
_d21
300 _aНа обороте тит. с.: составители: Халявкин А. А., канд. техн. наук, доц., Ивановская А. В., канд. техн. наук, доц., Шацков Д. О., канд. физ.-мат. наук, доц., Ауслендер А. Я., преп.
320 _aБиблиогр.: с. 44-45 (15 назв.)
330 _aВ учебном пособии освещены теоретические и практические вопросы, связанные с динамическим расчетом судового валопровода на основе графического метода Ю. А. Шиманского, суть которого заключается в определении собственной частоты колебаний валопровода по его геометрическим и физическим параметрам, расположениям опор. Учебное пособие предназначено для курсантов морских средних и высших учебных заведений очной и заочной форм обучения при изучении дисциплин <Детали машин и основы конструирования>, <Теоретическая механика>, <Судовые вспомогательные механизмы>, <Основы расчета и проектирования судовых энергетических установок>,< Технология технического обслуживания и ремонта судов> а также при выполнении выпускной квалификационной работы
606 1 _aСуда
_xВалопроводы
_xКолебания поперечные
_xРасчет
_xШиманского метод
_jУчебные издания для высших учебных заведений
_2nlr_sh2
_3RU\NLR\AUTH\6601724055
675 _a629.5.015
_v4
686 _a339.42-016
_2rubbks
686 1 _aО455.86-028.4я73-1
701 1 _aХалявкин
_bА. А.
_gАлексей Александрович
701 1 _aИвановская
_bА. В.
_gАлександра Витальевна
701 1 _aШацков
_bД. О.
_gДенис Олегович
701 1 _aАуслендер
_bА. Я.
_gАнна Яковлевна
942 _cBOOK
980 _aNB